Normal view
MARC view
- Electromagnetic compatibility
Entry Topical Term
001 - CONTROL NUMBER
- control field: 90098
003 - CONTROL NUMBER IDENTIFIER
- control field: NUST
005 - DATE AND TIME OF LATEST TRANSACTION
- control field: 20220301155419.0
008 - FIXED-LENGTH DATA ELEMENTS
- fixed length control field: 220301|| aca||aabn | a|a d
040 ## - CATALOGING SOURCE
- Original cataloging agency: NUST
- Transcribing agency: NUST
150 ## - HEADING--TOPICAL TERM
- Topical term or geographic name entry element: Electromagnetic compatibility
670 ## - SOURCE DATA FOUND
- Source citation: Work cat.: (NUST)588297: Vered, Uri, author. 90097, Intersystem EMC analysis, interference, and solutions /, 2018.
